000 00634nam a2200193 i 4500
001 131916
003 ES-MaACL
005 20251114063118.0
007 t|
008 070214q1917 fr |||| |dfre d
100 1 _aMurat, Marie de Rohan-Chabot,
_d1876-1951,
_cprincesse
_9167112
245 1 0 _aRaspoutine et l'aube sanglante /
_cMarie de Rohan-Chabot ; préface de Emile Vandervelde.
260 _aParis :
_bE. de Boccard,
_c[1917]
300 _a144 p. ;
_c19 cm.
600 0 4 _aRasputin, Grigoriï Efimovich.
_995503
700 1 _aVandervelde, Émile.
_9113067
852 _aES-MaACL
_jF-3192
999 _c131916
_d131916